Mixed Word: Common Bond LIX Quiz Stats

Quiz Updated Oct 19, 2016

Challenge
Share
Tweet
Embed
Score 0/16 Timer 05:00
0 Plays Today
Scramble Word % Correct
SEKDDesk
99%
AHLKCChalk
98.3%
EURLRRuler
97.8%
IHRCAChair
97.5%
CEPILNPencil
95.1%
KOBOSBooks
91.5%
PPLEAApple
90.2%
Place you might find these common things:Things in a classroom
90.1%
Scramble Word % Correct
RSSOISSCScissors
83.3%
ECHARETTeacher
82.6%
SCABPCKKABackpacks
78.2%
DUSTNETStudent
71.6%
RAREESEraser
71.1%
RHAKDOCBLA Chalkboard
68.4%
PLASTER Stapler
63.7%
KOXOTBETTextbook
49.9%

You're not logged in!

Compare scores with friends on all Sporcle quizzes.
Sign Up with Email
OR
Log In

You Might Also Like...

Show Comments

Extras

Top Quizzes Today


Score Distribution

Your Account Isn't Verified!

In order to create a playlist on Sporcle, you need to verify the email address you used during registration. Go to your Sporcle Settings to finish the process.